000 00681cam a22002413a 4500
001 6339
003 PGUSA
005 20140828083131.0
008 040801s2004||||xxu|||||s|||||000 1 eng d
040 _aPGUSA
_beng
042 _adc
050 4 _aPZ
100 1 _aBlaine, John
245 1 4 _aThe Boy Scouts on a Submarine
_h[electronic resource] /
_cJohn Blaine
260 _bProject Gutenberg,
_c2004
506 _aPublic domain in the USA.
516 _aElectronic text
653 _aBoy Scouts -- Juvenile fiction
653 _aSubmarines (Ships) -- Juvenile fiction
830 0 _aProject Gutenberg
_v6339
856 4 0 _uhttp://www.gutenberg.org/ebooks/6339
942 _cEB
999 _c235662
_d235662